| 000 -LEADER |
| fixed length control field |
01159nam a22001457a 4500 |
| 008 - FIXED-LENGTH DATA ELEMENTS--GENERAL INFORMATION |
| fixed length control field |
221207b ||||| |||| 00| 0 eng d |
| 100 ## - MAIN ENTRY--PERSONAL NAME |
| Personal name |
Hjalmarsson, Randi and Lindquist, Matthew J. |
| 245 ## - TITLE STATEMENT |
| Title |
The health effects of prison |
| 260 ## - PUBLICATION, DISTRIBUTION, ETC. (IMPRINT) |
| Place of publication, distribution, etc |
American Economic Journal: Applied Economics |
| 300 ## - PHYSICAL DESCRIPTION |
| Extent |
14(4), Oct, 2022: p.234-270 |
| 520 ## - SUMMARY, ETC. |
| Summary, etc |
This paper studies the health effects of Swedish prison reforms that held sentences constant but increased the share of time inmates had to serve. The increased time served did not harm post-release health and actually reduced mortality risk. We find especially large decreases in mortality for offenders not previously incarcerated, younger offenders, and those more attached to the labor market. Risk of suicide and circulatory death fell for inmates with mental health problems and older inmates, respectively. In-prison health care utilization and program participation increased with time served, suggesting health care treatment and services as the key mechanism for mortality declines. – Reproduced |
| 773 ## - HOST ITEM ENTRY |
| Main entry heading |
American Economic Journal: Applied Economics |
| 906 ## - LOCAL DATA ELEMENT F, LDF (RLIN) |
| Subject DIP |
PRISONS |
| 942 ## - ADDED ENTRY ELEMENTS (KOHA) |
| Item type |
Articles |